[Event "Challenge"]
[Site "http://www.queenalice.com/game.php?id=65185"]
[Date "2006.4.23"]
[Round "-"]
[White "ycalen"]
[Black "alex18"]
[Result "1-0"]
[WhiteElo "1501"]
[BlackElo "1167"]

1. e4 e5 2. Bc4 Nf6 3. Nc3 c6 4. Nf3 b5 5. Bxf7+ Kxf7 6. Nxe5+ Ke7 7. O-O Ke6 8.
d4 d6 9. d5+ Nxd5 10. exd5+ Kxe5 11. Re1+ Kf6 12. Ne4+ Kf7 13. Ng5+ Kg8 14. dxc6
d5 15. Qf3 Qf6 16. Qxd5+ Be6 17. Rxe6 Be7 18. Rxe7+ Kf8 19. Qd8# 1-0

[Event "Challenge"]
[Site "http://www.queenalice.com/game.php?id=65198"]
[Date "2006.4.23"]
[Round "-"]
[White "claudiocaire"]
[Black "alex18"]
[Result "0-1"]
[WhiteElo "1161"]
[BlackElo "1176"]

1. e4 e5 2. Qf3 Nf6 3. Nh3 h6 4. Nc3 a6 5. Nd5 c6 6. Ne3 d5 7. exd5 cxd5 8. b4
Bxb4 9. c3 Bg4 10. Nxg4 e4 11. Qf4 Bd6 12. Qf5 Be7 13. Rb1 g6 14. Qf4 g5 15. Qe3
Nxg4 16. Qg3 f5 17. f4 Bd6 18. Rxb7 gxf4 19. Qxg4 fxg4 20. Nf2 Qh4 21. g3 fxg3
22. hxg3 Qxg3 23. d4 e3 24. Rh5 Qxf2+ 25. Kd1 Qxf1+ 26. Kc2 Qe2+ 27. Kb3 Qd1+
28. Kb2 g3 29. Bxe3 Qe2+ 30. Kb3 Qxh5 31. c4 Qd1+ 32. Kc3 O-O 33. Bxh6 Rf3+ 34.
Kb2 Qe2+ 35. Ka1 Qxc4 36. Rb6 Qxd4+ 37. Rb2 Rf1+ 38. Bc1 Rxc1# 0-1

[Event "Chess"]
[Site "http://www.queenalice.com/game.php?id=65777"]
[Date "2006.4.28"]
[Round "-"]
[White "mc3"]
[Black "alex18"]
[Result "1-0"]
[WhiteElo "1308"]
[BlackElo "1291"]

1. e4 e5 2. Nf3 Nf6 3. d3 Nc6 4. Be2 h6 5. h3 Bc5 6. O-O O-O 7. b3 a5 8. Bb2 d6
9. a4 Nb4 10. Ba3 Be6 11. Bxb4 Bxb4 12. c4 c5 13. Nh4 1-0

[Event "Let's Play Chess!"]
[Site "http://www.queenalice.com/game.php?id=67178"]
[Date "2006.5.6"]
[Round "-"]
[White "pepebacardi"]
[Black "alex18"]
[Result "1-0"]
[WhiteElo "1615"]
[BlackElo "1272"]

1. e4 e5 2. Nf3 Nf6 3. Nxe5 d6 4. Nf3 Nxe4 5. d4 d5 6. Bd3 Nc6 7. O-O Be7 8. Re1
Nf6 9. Bg5 Be6 10. h3 h6 11. Bh4 Qd6 12. Nc3 g5 13. Bg3 Qd7 14. Ne5 Nxe5 15.
Bxe5 O-O-O 16. a4 a6 17. Qd2 Rhg8 18. Nd1 g4 19. h4 h5 20. Qf4 Bd6 21. Bxd6 Qxd6
22. Qxf6 Rde8 23. Ne3 g3 24. Nf5 Bxf5 25. Bxf5+ Kb8 26. Qxd6 cxd6 27. Rxe8+ Rxe8
28. fxg3 Re3 29. g4 hxg4 30. Bxg4 Re4 31. Bh5 f6 32. c3 Rxh4 33. Bf7 1-0

[Event "Let's Play Chess!"]
[Site "http://www.queenalice.com/game.php?id=67186"]
[Date "2006.5.6"]
[Round "-"]
[White "adlerburg"]
[Black "alex18"]
[Result "1-0"]
[WhiteElo "1582"]
[BlackElo "1300"]

1. e4 e5 2. h3 Nf6 3. Nf3 Nc6 4. Bb5 Nxe4 5. O-O d5 6. Nxe5 Bd7 7. d3 Nxe5 8.
Bxd7+ Qxd7 9. dxe4 dxe4 10. Bf4 Bd6 11. Bxe5 Bxe5 12. Qxd7+ Kxd7 13. Rd1+ Ke7
14. Nc3 f5 15. Nd5+ Kf7 16. f4 Bxb2 17. Rab1 Bf6 18. Rxb7 Rhd8 19. Rxc7+ Ke6 20.
c4 g5 21. Rc6+ Rd6 22. Rxd6+ Kxd6 23. Nb6+ Kc5 24. Nxa8 Kxc4 25. g3 gxf4 26.
gxf4 h5 27. Rc1+ Kd3 28. Kf1 Ke3 29. Kg2 Kxf4 30. Nc7 h4 31. Nd5+ Ke5 32. Nxf6
Kxf6 33. a4 f4 34. Rc5 f3+ 35. Kf2 Ke6 36. Rc7 Kd5 37. Ke3 a5 38. Ra7 Ke5 39.
Rxa5+ Kf6 40. Rb5 Ke6 41. a5 Kd6 42. a6 Kc6 43. Ra5 Kb6 44. a7 Kxa5 45. a8=Q+
Kb5 46. Qxe4 Kc5 47. Qxh4 f2 48. Qxf2 Kd5 49. Qf3+ Kc4 50. Qe4+ Kc5 51. Qd4+ Kc6
52. Ke4 Kb5 53. Kd5 Ka5 54. Kc5 Ka6 55. Qb4 Ka7 56. Kc6 Ka8 57. Qb7# 1-0

[Event "Challenge"]
[Site "http://www.queenalice.com/game.php?id=67437"]
[Date "2006.5.7"]
[Round "-"]
[White "Theologe"]
[Black "alex18"]
[Result "1-0"]
[WhiteElo "1733"]
[BlackElo "1270"]

1. d4 d5 2. c4 Nc6 3. Nf3 Bg4 4. Nc3 Nf6 5. cxd5 Nxd5 6. e4 Nb6 7. d5 Nb4 8. a3
Na6 9. h3 Bxf3 10. Qxf3 Nc5 11. Be3 e5 12. Bb5+ Nbd7 13. Qg3 c6 14. dxc6 bxc6
15. Bxc6 Rc8 16. Bb5 Qe7 17. Bxc5 Qxc5 18. Rd1 Rd8 19. Rd5 Qc7 20. Rxe5+ Be7 21.
Rxe7+ Kxe7 22. Nd5+ Ke6 23. Nxc7+ Ke7 24. Nd5+ Kf8 25. Qc7 Ke8 26. Qd6 f6 27.
Qe7# 1-0

[Event "Let's Play Chess!"]
[Site "http://www.queenalice.com/game.php?id=71730"]
[Date "2006.5.26"]
[Round "-"]
[White "alex18"]
[Black "yetiyare"]
[Result "0-1"]
[WhiteElo "1284"]
[BlackElo "1388"]

1. e4 c5 2. Nf3 Nc6 3. b3 Nf6 4. Bd3 d6 5. h3 g6 6. g4 e5 7. c3 a6 8. a3 Be6 9.
c4 Rb8 10. Bb2 b5 11. cxb5 axb5 12. Qc2 h5 13. g5 Nd7 14. h4 b4 15. a4 f6 16.
Bc4 Bxc4 17. Qxc4 fxg5 18. Nxg5 Qf6 19. Qd5 Rc8 20. Rh3 Nb6 21. Qd3 Be7 22. Qb5
Nd7 23. d3 Rf8 24. f3 Qf4 25. Ne6 Qe3+ 26. Kd1 Rf6 27. Ng5 Nd4 28. Bxd4 Qxd4 29.
Qa6 Kd8 30. Ra2 Qg1+ 31. Kc2 Qf2+ 32. Nd2 Qg2 33. Qa5+ Rc7 34. Kb1 Qg1+ 35. Kb2
Qd1 36. Rh2 Qe1 37. Nc4 Qg1 38. Rc2 Qd4+ 39. Kb1 Qxd3 40. Nd2 Rf4 41. Ne6+ Ke8
42. Qa8+ Kf7 0-1

[Event "Challenge"]
[Site "http://www.queenalice.com/game.php?id=72519"]
[Date "2006.5.28"]
[Round "-"]
[White "teonaute"]
[Black "alex18"]
[Result "1-0"]
[WhiteElo "1301"]
[BlackElo "1272"]

1. e4 e5 2. Nf3 Nf6 3. Nc3 Nc6 4. d4 exd4 5. Nxd4 Bc5 6. Be3 Qe7 7. f3 g6 8.
Ncb5 d6 9. Nc3 a6 10. Nd5 Nxd5 11. Bf2 Bxd4 12. Bxd4 O-O 13. Bc3 Nf4 14. Qc1 Qg5
15. Qd2 1-0

[Event "Challenge"]
[Site "http://www.queenalice.com/game.php?id=72520"]
[Date "2006.5.28"]
[Round "-"]
[White "alex18"]
[Black "teonaute"]
[Result "0-1"]
[WhiteElo "1272"]
[BlackElo "1326"]

1. e4 c6 2. d4 d5 3. Nc3 g6 4. Nf3 Bg7 5. Be3 Bg4 6. Qd3 Nd7 7. Be2 Qb6 8. b3
Ngf6 9. e5 Bf5 10. Qd2 Ne4 11. Na4 Qc7 12. Qb4 Bf8 13. c4 Nb6 14. Nc5 e6 0-1

[Event "Let's Play Chess!"]
[Site "http://www.queenalice.com/game.php?id=72877"]
[Date "2006.5.30"]
[Round "-"]
[White "alex18"]
[Black "fromTheCoast"]
[Result "1-0"]
[WhiteElo "1282"]
[BlackElo "918"]

1. e4 e6 2. d4 Nc6 3. c3 g6 4. Nf3 Bh6 5. Be2 Bxc1 6. Qxc1 b5 7. b4 h5 8. h4 a6
9. g3 Na7 10. e5 Bb7 11. Nbd2 f5 12. c4 Nc6 13. Qb2 Nh6 14. d5 Ne7 15. d6 cxd6
16. exd6 Nc6 17. Qxh8+ Kf7 18. Qxh6 Nxb4 19. Qh7+ Kf6 20. Ng5 Ke5 21. Nf7+ Kd4
22. Qg7+ Kc5 23. Nb3+ Kb6 24. Qd4+ Kc6 25. Qc5# 1-0

[Event "Challenge"]
[Site "http://www.queenalice.com/game.php?id=73140"]
[Date "2006.5.31"]
[Round "-"]
[White "alex18"]
[Black "amazingmagic"]
[Result "0-1"]
[WhiteElo "1272"]
[BlackElo "1352"]

1. e4 e5 2. d4 f6 3. Nf3 d6 4. c3 Bg4 5. Be2 h5 6. Nh4 Ne7 7. f3 Be6 8. Nd2 d5
9. b3 f5 10. Bd3 g6 11. b4 a5 12. Qa4+ c6 13. Nb3 dxe4 0-1